000 00600nam a22001937a 4500
005 20161109143739.0
010 _aENG-116492
020 _a9788123778181
_c135.00
035 _aEN-100024
037 _bDBAD/PUB
082 _a920
100 _aChakravarty, Basudha
245 _aSister Nivedita /
_cby Basudha Chakravarty
260 _aNew Delhi
_bNational Book Trust
_c2016
270 _aNehru Bhawan, 5 Industrial Area Phase-II,vasant Kunj
_bNew Delhi
_e110070
300 _a109p.
_c19cm (pbk)
500 _aIncludes bibliographical references
942 _2ddc
_cEN
_h920
_mCHA
999 _c104555
_d104555